| 000 | 00927nam a2200241 a 4500 | ||
|---|---|---|---|
| 005 | 20151007100808.0 | ||
| 008 | 151007s2015 xxu frb 001 0 eng d | ||
| 020 | _a9780199338290 | ||
| 020 | _a9780199338306 | ||
| 040 |
_aCO-BoUCM _bspa _cDavid Avila _dDavid Avila |
||
| 041 | 0 | _aeng | |
| 100 | 1 |
_aDiebold, Francis X. _d1959- _972119 |
|
| 245 | 1 | 0 |
_aFinancial and macroeconomic connectedness _ba network approach to measurement and monitoring _cFrancis X. Diebold and Kamil Yilmaz. |
| 260 |
_aNew York (Estados Unidos) _b Oxford University Press _c[2015] |
||
| 300 | _axv, 265 páginas | ||
| 504 | _aIncluye referencias bibliográficas e índices | ||
| 650 | 0 |
_aFinanzas _xModelos econométricos _935497 |
|
| 650 | 0 |
_aFinanzas _xModelos matemáticos _928042 |
|
| 690 |
_942817 _aFinanzas |
||
| 700 | 1 |
_aYılmaz, Kamil _972120 |
|
| 942 |
_2DEWEY _a7 _cLIBROREF _e1 _h332.01 _kR _mD559f |
||
| 999 |
_c301000 _d301000 |
||